000 00668nam a2200277Ia 4500
005 20260324121848.0
008 008 260324s9999 xx 000 0 eng d
020 _a9780429478505
037 _aEBOOK
040 _aCRL
040 _beng
040 _cCRL
041 _2eng
041 _aeng
084 _qCRL
100 _aJane Desmarais; Lawrence Goldie
_91164167
245 0 _aPresence of Mind in Neurophysiological Processes
260 _bTaylor and Francis
260 _c2013
365 _a
365 _b205
856 _uhttp://www.taylorfrancis.com/books/9780429478505
942 _cEBOOK
999 _c1756529
_d1756529